01146nam a2200193Ia 4500001001100000003001000011008004100021040002500062041001300087100003000100245004000130250001100170260009100181300001200272500026000284501011400544520026000658650003400918L251-17835IT-CnALBA170116s9999||||xx |||||||||||||| ||und|| aIT-CnALBAcIT-CnALBA aITALIANO aPARENTE PIETRO, CARDINALE 0aCON GESÙ CRISTO NEL SUO VANGELO.  a1a ed. a ROVIGObISTITUTO PADANO ARTI GRAFICHE c1979 [1° Ed.:1979 - Ed.Ling.Originale: 1979] a193 p.  aVOLUME SEGNATO A MANO. SOTTOLINATO. PAROLA DI CRISTO. INCARNAZIONE. BETLEM. NAZARET. AL TEMPIO. VITA NASCOSTA. VITA PUBBLICA. CIRCONCISIONE E BATTESIMO. NOZZE DI CANA. SAMARITANA. ZACCHEO. ADULTERA. LA MADDALENA. TRASFIGURAZIONE. MOLTIPLICAZIONE DEI PANI. aSocietà San Paolo EM - Piazza San Paolo, 14 - 12051 ALBA (CN) (non commercial uses only) ® Copyright 2017 aVOLUME SEGNATO A MANO. SOTTOLINATO. PAROLA DI CRISTO. INCARNAZIONE. BETLEM. NAZARET. AL TEMPIO. VITA NASCOSTA. VITA PUBBLICA. CIRCONCISIONE E BATTESIMO. NOZZE DI CANA. SAMARITANA. ZACCHEO. ADULTERA. LA MADDALENA. TRASFIGURAZIONE. MOLTIPLICAZIONE DEI PANI. aPREDICAZIONE - ORATORIA SACRA